Poirot investiga / (Record no. 143)

MARC details
000 -LÍDER
campo de controle de tamanho fixo 02500nam a2200349 4500
001 - NÚMERO DE CONTROLE
campo de controle 143
003 - IDENTIFICADOR DO NÚMERO DE CONTROLE
campo de controle OSt
005 - DATA E HORÁRIO DA ÚLTIMA TRANSAÇÃO
campo de controle 20250128102932.0
008 - CAMPO DE DADOS FIXOS--INFORMAÇÃO GERAL
campo de controle de tamanho fixo 250128b |||||||g |||| 00| j eng d
040 ## - FONTE DA CATALOGAÇÃO
Idioma da catalogação por
041 ## - CÓDIGO DE IDIOMA
Código do idioma do original e/ou traduções intermediárias do texto eng
Código do idioma do texto/trilha sonora ou título diferente por
082 ## - CDD - CLASSIFICAÇÃO DECIMAL DE DEWEY
Número de Classificação 823
Número do exemplar C555p
100 1# - ENTRADA PRINCIPAL--NOME PESSOAL
Nome pessoal Christie, Agatha,
Datas associadas ao nome 1890-1976
9 (RLIN) 268
240 ## - TÍTULO UNIFORME
Título uniforme Poirot investigates
245 ## - TÍTULO
Título Poirot investiga /
Indicação de responsabilidade, etc. Christie, Agatha ; Tradução de A. B. Pinheiro de Lemos
260 ## - PUBLICAÇÃO, DISTRIBUIÇÃO, ETC.
Local de publicação, distribuição, etc. São Paulo
Nome do editor, distribuidor, etc. Círculo do Livro
Data da publicação, distribuição, etc. 1987
300 ## - DESCRIÇÃO FÍSICA
Extensão 236 p.
490 1# - TÍTULO DA SÉRIE
Título da série Detetive Hercule Poirot
520 ## - NOTA DE RESUMO, ETC.
Resumo, etc. Primeiro, houve o mistério da estrela de cinema e do diamante... depois veio o "suicídio" que foi assassinato... o mistério do apartamento absurdamente barato... uma morte suspeita em uma sala de armas trancada... um roubo de títulos de um milhão de dólares... a maldição do túmulo de um faraó... um roubo de joias no mar... o sequestro de um primeiro-ministro... o desaparecimento de um banqueiro... um telefonema de um homem moribundo... e, finalmente, o mistério do testamento desaparecido.<br/><br/>O que liga esses casos fascinantes? Apenas os brilhantes poderes dedutivos de Hercule Poirot!<br/><br/>Os contos são: 1. A aventura de 'The Western Star', 2. A tragédia de Marsdon Manor, 3. A aventura do apartamento barato, 4. O mistério de Hunter's Lodge, 5. O roubo do título de um milhão de dólares, 6. A aventura do túmulo egípcio, 7. O roubo de joias no Grand Metropolitan, 8. O primeiro-ministro sequestrado, 9. O desaparecimento do Sr. Davenheim, 10. A aventura do nobre italiano e 11. O caso do testamento desaparecido.<br/><br/>Nota do bibliotecário nº 1: além dos onze acima, havia mais três incluídos na versão americana do mesmo título um ano depois: 12. A caixa de chocolate, 13. A dama velada e 14. A mina perdida.<br/><br/>Nota do bibliotecário nº 2: esta é a entrada para a coleção de contos, 'Poirot investiga'. As entradas para cada uma das histórias estão localizadas em outro lugar no Goodreads. Todos os 14 podem ser encontrados pesquisando no Goodreads por: 'a Hercule Poirot Short Story'.
650 #0 - ASSUNTO--TERMO TÓPICO
Cabeçalho tópico ou nome geográfico Literatura Inglesa
9 (RLIN) 89
650 #0 - ASSUNTO--TERMO TÓPICO
Cabeçalho tópico ou nome geográfico Historias curtas
9 (RLIN) 67
650 #0 - ASSUNTO--TERMO TÓPICO
Cabeçalho tópico ou nome geográfico Romance Policial
9 (RLIN) 11
650 #0 - ASSUNTO--TERMO TÓPICO
Cabeçalho tópico ou nome geográfico Suspense
9 (RLIN) 10
650 #0 - ASSUNTO--TERMO TÓPICO
Cabeçalho tópico ou nome geográfico Mistério
9 (RLIN) 42
650 #0 - ASSUNTO--TERMO TÓPICO
Cabeçalho tópico ou nome geográfico Crime e Investigação
9 (RLIN) 13
650 #0 - ASSUNTO--TERMO TÓPICO
Cabeçalho tópico ou nome geográfico Clássicos
9 (RLIN) 77
650 #0 - ASSUNTO--TERMO TÓPICO
Cabeçalho tópico ou nome geográfico Filme
9 (RLIN) 26
655 #0 - TERMO DE ÍNDICE--GÊNERO E FORMA
Gênero/forma/ou termo foco Conto
700 ## - ENTRADA ADICIONADA - NOME PESSOAL
Nome pessoal A. B. Pinheiro de Lemos
Função do autor por extenso Tradutor
9 (RLIN) 109
830 ## - ENTRADA SECUNDÁRIA DE SÉRIE--TÍTULO UNIFORME
Título uniforme Detetive Hercule Poirot
9 (RLIN) 271
942 ## - ELEMENTOS DE ENTRADA ADICIONADOS (KOHA)
Fonte de classificação ou esquema de arquivamento Classificação decimal de Dewey
Ocultar no OPAC Não
Tipo de material Koha Livros
Holdings
Situação do descarte Situação das perdas Fonte de classificação ou esquema de arquivamento Status danificado Não pode ser emprestado Coleção Biblioteca de origem Biblioteca atual Localização na estante Data de aquisição Fonte de aquisição Total de empréstimos Número de chamada completo Código de barras Data de último acesso Número do exemplar Data do preço efetivo Tipo de material Koha
    Classificação decimal de Dewey     Ficção Biblioteca Professor Eduardo Afonso de Castro Biblioteca Professor Eduardo Afonso de Castro Literatura Estrangeira 29.12.2011 doação   823 / C555p 2025-2363 28.01.2025 Ex. 01 28.01.2025 Livros
    Classificação decimal de Dewey     Ficção Biblioteca Professor Eduardo Afonso de Castro Biblioteca Professor Eduardo Afonso de Castro Literatura Estrangeira 12.09.2013 doação   823 / C555p 2025-14754 28.01.2025 Ex. 02 28.01.2025 Livros

Powered by Koha